Influence of Fe introduction method on gold state in NaY zeolite; International Journal of Modern Physics B; Vol. 19, № 15-17

Détails bibliographiques
Parent link:International Journal of Modern Physics B.— , 1987-
Vol. 19, № 15-17.— 2005.— P. 2496-2501
Autres auteurs: Smolentseva E., Pestryakov A. N. Aleksey Nikolaevich, Bogdanchikova N., Simakov A., Avalos M., Farias M., Diaz J., Gurin V., Tompos A.
Résumé:Special issue: Conference on Cluster Science and Nanotechnology; Nanjing, China, September 6-10, 2004; Lanzhou, China, September 12-15, 2004
The present work is devoted to the study of some properties (size, electronic state, redox properties, interaction with matrix) of gold clusters and nanosized particles in Na-Y zeolite modified by iron. Two methods of iron introduction were applied: wet-impregnation and ion-exchange, which result in different structure and reducibility of iron species. Aggregation of iron species and their probable dissolution during gold deposition in samples prepared by wet-impregnation permits to form new Au, Fe and Au-Fe species in contrast to samples prepared by ion-exchange. The strong interaction of Au with Fe species in Au/Feimp/NaY changes noticeably a behavior of gold nanoparticles under heating.
В фонде НТБ ТПУ отсутствует
Langue:anglais
Publié: 2005
Sujets:
Format: Chapitre de livre
KOHA link:https://koha.lib.tpu.ru/cgi-bin/koha/opac-detail.pl?biblionumber=599089

MARC

LEADER 00000naa0a2200000 4500
001 599089
005 20250416084607.0
035 |a (RuTPU)RU\TPU\tpu\22937 
035 |a RU\TPU\tpu\22936 
090 |a 599089 
100 |a 20130325d2005 k||y0rusy50 ba 
101 0 |a eng 
102 |a SG 
200 1 |a Influence of Fe introduction method on gold state in NaY zeolite  |f E. Smolentseva [et al.] 
300 |a Special issue: Conference on Cluster Science and Nanotechnology; Nanjing, China, September 6-10, 2004; Lanzhou, China, September 12-15, 2004 
320 |a References: p. 2501 (16 tit.) 
330 |a The present work is devoted to the study of some properties (size, electronic state, redox properties, interaction with matrix) of gold clusters and nanosized particles in Na-Y zeolite modified by iron. Two methods of iron introduction were applied: wet-impregnation and ion-exchange, which result in different structure and reducibility of iron species. Aggregation of iron species and their probable dissolution during gold deposition in samples prepared by wet-impregnation permits to form new Au, Fe and Au-Fe species in contrast to samples prepared by ion-exchange. The strong interaction of Au with Fe species in Au/Feimp/NaY changes noticeably a behavior of gold nanoparticles under heating. 
333 |a В фонде НТБ ТПУ отсутствует 
461 |t International Journal of Modern Physics B  |d 1987- 
463 |t Vol. 19, № 15-17  |v P. 2496-2501  |d 2005 
610 1 |a труды учёных ТПУ 
701 1 |a Smolentseva  |b E. 
701 1 |a Pestryakov  |b A. N.  |c Chemist  |c Professor of Tomsk Polytechnic University, Doctor of Chemical Science  |f 1963-  |g Aleksey Nikolaevich  |3 (RuTPU)RU\TPU\pers\30471  |4 070  |9 14796 
701 1 |a Bogdanchikova  |b N. 
701 1 |a Simakov  |b A. 
701 1 |a Avalos  |b M. 
701 1 |a Farias  |b M. 
701 1 |a Diaz  |b J. 
701 1 |a Gurin  |b V. 
701 1 |a Tompos  |b A. 
801 1 |a RU  |b 63413507  |c 20130226 
801 2 |a RU  |b 63413507  |c 20130325  |g RCR 
850 |a 63413507 
942 |c CR